000
00239nam a22001217a 4500
999
_c
156899
_d
156899
082
_a
_b
100
_a
D C Kurup
245
_a
Tagore prathibha/
_c
by D C Kurup.
260
_a
_b
_c
1987.
300
_a
38p.
650
_a
942
_c
BK